Trouver le modèle du véhicule - années 90 - Statistiques

Statistiques générales
  • Ce quiz a été pris 77 fois
  • Le résultat moyen est 8 sur 12
Statistiques - réponses
Par images Hint Réponse % Correct
Renault Twingo
93%
Dodge Viper
89%
Honda Civic Type-R
86%
Toyota Supra
79%
Mitsubishi Lancer Evolution
69%
Lamborghini Diablo
68%
Subaru Impreza
66%
Lotus Elise S1
65%
Mclaren Mclaren F1
65%
Bugatti EB110
56%
Toyota Celica GT4
54%
Jaguar XJ220
52%
Aucun quiz correspondant
Distribution des résultats
% des personnes avec chaque résultat
Percentile par nombre de réponses
Votre historique - résultats
Vous n’avez pas pris ce quiz